Životné ciele súčasných adolescentov na strednej odbornej škole = Life intentions of todays teenagers at secondary vocational school : Diplomová práca

Salvato in:
Dettagli Bibliografici
Autore principale: Šebo, Rastislav (Autore)
Altri autori: Krajčovič, Jozef, 1960- (xxx)
Natura: Manoscritto Libro
Lingua:slovacco
Pubblicazione: Trnava : STU v Bratislave MTF UIPH, 2009
Soggetti:
Tags: Aggiungi Tag
Nessun Tag, puoi essere il primo ad aggiungerne!!

MARC

LEADER 00000ntm a22000003a 4500
001 stu198812
005 20160719160057.7
008 100122s2009----xo------------------slo-d
040 |a STU  |b slo 
041 0 |a slo 
044 |a xo 
100 1 |a Šebo, Rastislav  |4 aut 
245 1 |a Životné ciele súčasných adolescentov na strednej odbornej škole = Life intentions of todays teenagers at secondary vocational school :  |b Diplomová práca 
260 |a Trnava :  |b STU v Bratislave MTF UIPH,  |c 2009 
300 |a 55 s  |c Prílohy + 1 CD-ROM 
500 |a Študijný odbor: 1.1.2 učiteľstvo profesijných predmetov a praktickej prípravy 
500 |a Študijný program: učiteľstvo technických profesijných predmetov 
650 7 |a adolescentná mládež  |2 stusub 
650 7 |a životné ciele  |2 stusub 
700 1 |a Krajčovič, Jozef,  |d 1960-  |4 xxx  |u M1000  |U MTF Materiálovotechnologická fakulta  |T MTF Ústav materiálov  |X 2757  |U M1000  |Y 81  |7 A000002757 
996 |b 284M077802  |c M*DP-8831  |l MMSKP  |s P  |a 0  |w stu198812_0001